000 00640cam a2200229ua 4500
001 6658
008 140307n ii |||gr||||Z||||||eng
020 _a978-81-203-2141-0
040 _cMAIN
082 _a518.1
245 _aIntroduction to algorithms
_cBy Thomas H. Cormen
250 _a2nd ed.
260 _aU.S.A.:
_bPrentice-Hall of India private limited,
_c2001.
300 _aix,1145p.
653 _aNumerical analysis
653 _aAlgorithms
700 _aCormen,Thomas H.,
_eAuthor.,
700 _aLeiserson,Charles E.,
_eAuthor.
700 _aRivest,Ronald L.,
_eAuthor.
700 _aStein,Clifford,
_eAuthor.
942 _cBK
999 _c5807
_d5807